000
00296nam a2200121Ia 4500
008
191201s2011 xx 000 0 und d
100
_a
PANDEY, I.M.
245
0
_a
Financial management
260
_a
N. delhi
_b
Vikas Publication House
_c
2011
300
_a
879
650
_a
BBA
942
_2
ddc
_c
BK
_0
12
999
_c
6594
_d
6594